000 01730nam a2200241Ia 4500
003 Ost
005 20260507075223.0
008 260507s9999||||xx |||||||||||||| ||und||
020 _a87749999579
040 _cfsecg
041 _aara
082 _a330
100 _aالطاهر، علاء فرج
_eمؤلف
245 0 _aالحكومة الالكترونية :
_bبين النظرية و التطبيق /
_c علاء فرج الطاهر
260 _aعمان:
_bدار الراية,
_c2009
300 _a177 صفحة؛
_c24 سم
504 _aمراجع ص.175
520 _aنشأة المجتمعات و تكون الدول ، ظهور المجتمع المدني و الصناعي و نشوء الحكومات ، ، ظهور وتطور الحاسوب و تكنولوجيا المعرفة و المعلومات ، الشبكات و الانترنيت و الويب و البريد الالكتروني ، التوثيق الالكتروني و التوقيع الالكتروني ، الحكومة الالكترونية ، تطبيق نموذج للحكومة الالكترونية في المملكة الاردنية الهاشمية ، الحكومة الالكترونية و المجتمع المعلوماتي ، تصنيفات الحكومة الالكترونية ، الحكومة الالكترونية و مجال التعليم و التدريب،الحكومة الالكترونية و التجارة الالكترونية ، الحكومة الالكترونية و الحركة الثقافية ، تطبيقات الحكومة الالكترونية .
653 _aالإدارة العامة
653 _aالإدارة- تكنولوجيا
653 _aالحكومات
942 _cكتاب
999 _c43530
_d43530